000
00268 a2200109 4500
001
63565
082
_a
355.43 BET
090
_c
37559
_d
37559
100
_a
Bett R K
245
_a
Surprise Attack: Lessons for defense planning
260
_a
Lahore
_b
PAF Book Club
_c
1987
942
_a
NUST-CAE
_k
355.43 BET
999
_c
298638
_d
298638